书目信息 |
| 题名: |
创作歌曲选
|
|
| 作者: | ;北京市文化局 编 | |
| 分册: | 第三集 | |
| 出版信息: | 北京 北京人民出版社 1978 |
|
| 页数: | 83页 | |
| 开本: | 19cm | |
| 丛书名: | ||
| 单 册: | ||
| 中图分类: | J642.5 | |
| 科图分类: | ||
| 主题词: | 创作歌曲--中国--现代--选集 | |
| 电子资源: | ||
| ISBN: | ||
| 000 | 00596nam0 2200205 45 | |
| 001 | 0178004124 | |
| 005 | 20060820144441.64 | |
| 010 | @dCNY0.09 | |
| 100 | @a19950724d1978 em y0chiy0121 ea | |
| 101 | 0 | @achi |
| 102 | @aCN@b110000 | |
| 105 | @ag z 000yy | |
| 200 | 10 | @a创作歌曲选@Achuang zuo ge qu xuan@h第三集@f北京市文化局《工农兵演唱》编辑组编 |
| 210 | @a北京@c北京人民出版社@d1978 | |
| 215 | @a83页@d19cm | |
| 606 | @a创作歌曲@y中国@z现代@x选集 | |
| 690 | @aJ642.5@v3 | |
| 711 | 02 | @a北京市文化局@Abei jing shi wen hua ju@4编 |
| 801 | 0 | @aCN@bTSSF@c20060820 |
| 905 | @a10447@dJ642.5@e199:3 | |
| 创作歌曲选.第三集/北京市文化局《工农兵演唱》编辑组编.-北京:北京人民出版社,1978 |
| 83页;19cm |
| ISBN :CNY0.09 |
| ● |
| 相关链接 |
|
|
|
|
正题名:创作歌曲选
索取号:J642.5/199:3
 
预约/预借
| 序号 | 登录号 | 条形码 | 馆藏地/架位号 | 状态 | 备注 |
| 1 | 0467186 | 204671863 | 密集书库/ [索取号:J642.5/199:3] | 在馆 |